000 00321nam a22001457a 4500
008 221110b ||||| |||| 00| 0 eng d
020 _a9780536368775
041 _aeng
080 _2FOURTH EDITION
_a610.73
082 _a610.73
100 _a8
101 _aINF
245 _aCAREER PREP
_cFREMGEN B
942 _2udc
_cBK
999 _c58854
_d58854